ბათუმის შოთა რუსთაველის სახელმწიფო უნივერსიტეტის ბიბლიოთეკა

Numerical Methods with Worked Examples: (ბიბ.ჩანაწერი № 61602)

000 -LEADER
fixed length control field 00627nam a22001937a 4500
005 - DATE AND TIME OF LATEST TRANSACTION
control field 20240328105207.0
008 - FIXED-LENGTH DATA ELEMENTS--GENERAL INFORMATION
fixed length control field 240328s2012 enk||||| |||| 00| 0 eng d
020 ## - INTERNATIONAL STANDARD BOOK NUMBER
International Standard Book Number 9789400796577
041 ## - LANGUAGE CODE
Language code of text/sound track or separate title eng
080 ## - UNIVERSAL DECIMAL CLASSIFICATION NUMBER
Universal Decimal Classification number 514.742 W-83
100 ## - MAIN ENTRY--PERSONAL NAME
Personal name Woodford, C.
9 (RLIN) 21614
245 ## - TITLE STATEMENT
Title Numerical Methods with Worked Examples:
Remainder of title Matlab Edition /
Statement of responsibility, etc. C. Woodford, C. Phillips.
264 ## - PRODUCTION, PUBLICATION, DISTRIBUTION, MANUFACTURE, AND COPYRIGHT NOTICE
Place of production, publication, distribution, manufacture New York :
Name of producer, publisher, distributor, manufacturer Springer,
Date of production, publication, distribution, manufacture, or copyright notice 2012.
300 ## - PHYSICAL DESCRIPTION
Extent 256 p. ;
Other physical details 24 cm.
653 ## - INDEX TERM--UNCONTROLLED
keyword რიცხვითი მეთოდები
653 ## - INDEX TERM--UNCONTROLLED
keyword მათემატიკა
700 ## - ADDED ENTRY--PERSONAL NAME
Personal name Phillips, C.
Relator term ავტორი
9 (RLIN) 21615
942 ## - ADDED ENTRY ELEMENTS (KOHA)
Source of classification or shelving scheme
Koha item type წიგნი
ეგზემპლარები
Withdrawn status Lost status Source of classification or shelving scheme Damaged status Not for loan Permanent Location Current Location Shelving location Date acquired Cost, normal purchase price Full call number Barcode Date last seen Copy number Price effective from Koha item type Public note
          ბათუმის შოთა რუსთაველის სახელმწიფო უნივერსიტეტის მთავარი ბიბლიოთეკა ბათუმის შოთა რუსთაველის სახელმწიფო უნივერსიტეტის მთავარი ბიბლიოთეკა წიგნსაცავი 2024-03-28 161.00 514.742 W-83 67731 2024-03-28 67731 2024-03-28 წიგნი 161 ლ.